Countries A-Z: Geographical Center Closest to South Pole - Statistics

General Stats
  • This quiz has been taken 386 times
  • The average score is 17 of 24
Answer Stats
Initial Letter Country % Correct
A Argentina
98%
C Chile
93%
O Oman
84%
Q Qatar
84%
Y Yemen
84%
N New Zealand
83%
Z Zimbabwe
83%
S South Africa
81%
U Uruguay
81%
B Botswana
75%
L Lesotho
75%
V Vanuatu
74%
P Paraguay
70%
F Fiji
69%
I Indonesia
67%
R Rwanda
60%
K Kenya
59%
T Tonga
59%
J Jamaica
58%
H Honduras
51%
D Democratic Republic of the Congo
49%
E East Timor
48%
M Mauritius
42%
G Gabon
38%
No matching quizzes found
Score Distribution
Percent of People with Each Score
Percentile by Number Answered
Your Score History
You have not taken this quiz